000 00667nam a2200205Ii 4500
003 JO-AjNU
008 230605s9999||||xx |||||||||||||| ||und||
040 _aJO-AjNU
_bara
_erda
_cJO-AjNU
041 _aara
050 1 4 _aBP173.75.K4488 1984
100 3 _aالخالدي، محمود,
_eauthor
_935483
245 0 0 _aمفهوم الإقتصاد في الإسلام
250 _aط1
264 3 1 _aبيروت- عمان: دار الجيل، مكتبة المحتسب، 1984
300 _a103ص
336 _atext
_btxt
_2rdacontent
337 _aunmediated
_bn
_2rdamedia
338 _avolume
_bnc
_2rdacarrier
650 4 _aالاسلام والاقتصاد
_935484
999 _aA14655
_c18223
_d18223